| 000 | 00669nam a22001697a 4500 | ||
|---|---|---|---|
| 008 | 161007b xxu||||| |||| 00| 0 eng d | ||
| 020 | _a9719159316 | ||
| 082 |
_22000 _aDFil 610.73599 _bC73 |
||
| 110 |
_915762 _aNational League of Philippine Government Nurses. |
||
| 245 |
_aCommunity health nursing services in the Department of Health Philippines/ _cNational League of Government Nurses, Inc., |
||
| 250 | _a9th edition | ||
| 260 |
_aPhilippines: _bNational League of Philippine Government Nurses, _cc2000. |
||
| 300 |
_a384 pages: _billustrations; _c23 cm. |
||
| 500 | _aIncludes bibliographical references. | ||
| 650 | 0 |
_915763 _aPublic health. |
|
| 942 |
_2ddc _cDFIL |
||
| 999 |
_c5038 _d5038 |
||